000 00526nam a22002177a 4500
003 OSt
005 20150320140834.0
008 150320b xxu||||| |||| 00| 0 eng d
020 _a8173811423
028 _aNew Central Book Agency
040 _cDDC
082 _aWQ100 D95t 2013
_bT
100 _aDutta D.C
_91364
245 _aText book of Obstetrics
250 _a7th
260 _aLondon
_bNew Central Book Agency
_c2013
300 _bxvi,688p;
_c24cm
504 _aIndex
650 _2Obstetrics
942 _2z
_cB_BANK
999 _c1172
_d1172